000 01003nam a2200253 i 4500
003 EG-GICUC
005 20260416120158.0
008 260408s1976 fr ||||| |||y 000 0 fre d
040 _aEG-GiCUC
_bfre
_cEG-GiCUC
_dEG-GiCUC
_eRda
082 0 4 _221
_a341.7505
_bC O . R
092 0 4 _221
099 _aLaw`1 12 341.7505 C O . R 1976
111 2 _aConférence Des Nations Unies Sue In Commerce Et Le Développement
_cNairobi
_d1976
_n(Point 9 - Document Complémentaire)
_eAuteur
245 1 0 _aRôle Des Sociétés Transnationales Dans Le Commerce Des Articles Manufacturés Et Semi-finis Des Pays En Développement :
_b(Point 9 - Document Complémentaire) /
300 _a page :
_c 24 cm.
336 _2rda contenu
_a texte
337 _2rda medias
_aOrdinateur
338 _2 transporteur rda
_a Ressource en ligne
546 _aTexte en français
650 1 4 _aDroit international public
856 4 0 _uhttps://fll.law.cu.edu.eg/fulltext/bks/B12-02813.pdf
905 _a67
942 _2ddc
_cCP
_e21
_n0
999 _c69773
_d69773